Els verbs més comuns | The most common verbs in Catalan - Statistics

General Stats
  • This quiz has been taken 13 times
    8 since last reset
  • The average score is 22 of 23
Answer Stats
Anglès Català % Correct
To go Anar
100%
To walk Caminar
100%
To understand Entendre
100%
To listen Escoltar
100%
To be (temporal) Estar
100%
To play (game) Jugar
100%
To read Llegir
100%
To speak Parlar
100%
To be (permanent) Ser
100%
To have Tenir
100%
To work Treballar
100%
To see Veure
100%
To want Voler
100%
To finish Acabar
88%
To pick / to catch (a transport) Agafar
88%
To begin / to start Començar
88%
To buy Comprar
88%
To know Conèixer/Saber
88%
To say Dir
88%
To watch Mirar
88%
To play (instrument) / to touch Tocar
88%
To travel Viatjar
88%
To hear Sentir
75%
No matching quizzes found
Score Distribution
Percent of People with Each Score
Percentile by Number Answered
Your Score History
You have not taken this quiz since the last reset